000 00574nam a22002052 4500
001 0000020757
005 20151217145927.0
008 111012s xx 000 0 eng d
020 _a0853697169 :
040 _aKABU
_cKABU
100 1 _aWaterfield, Jon.
_@0000181313
245 1 0 _aCommunity pharmacy handbook /
_cJon Waterfield.
250 _a1st ed.
260 _aLondon :
_bPhP,
_c2008.
300 _axiv, 287 p.
650 0 _aPharmacy management.
_@0000181314
852 1 _9p4494 KES
908 _a111012
950 _@1
999 _c4178
_d4178